000
00214 a2200097 4500
001
47002
100
_a
Blumenson M
245
_a
Rommel's Last Victory
260
_a
London
_b
George Allen
_c
090
_c
30071
_d
30071
942
_a
NUST-CAE
_c
M
_c
22305
999
_c
282075
_d
282075